000
00310 a2200121 4500
000
nam a22 7a 4500
005
20260506144834.0
020
_a
9789351246404
100
_a
Na Khan
_9
1238670
245
_a
Question Bank Of Biochemistry
260
_b
astrAstral International Pvt Ltd
_c
2015
942
_c
TEXL
999
_c
1851047
_d
1851047